[Event "Frankfurt Ch A 2016"]
[Site "Ffm-Höchst, BiKuZ"]
[Date "2016.05.02"]
[Round "2.39"]
[White "Dohmes, Swidbert"]
[Black "Fußnecker, Manfred"]
[Result "0-1"]
[WhiteElo "1662"]
[BlackElo "1924"]
[PlyCount "60"]
[EventDate "2016.??.??"]
[WhiteTeam "SV Hofheim"]
[BlackTeam "SF Frankfurt"]

1. e4 e5 2. Nf3 d6 3. d4 exd4 4. Nxd4 Nf6 5. Nc3 Be7 6. Bc4 O-O 7. O-O c6 8. h3
Re8 9. Bf4 Nxe4 10. Bxf7+ Kxf7 11. Nxe4 Kg8 12. Re1 Rf8 13. Qd2 Na6 14. Nf3 d5
15. Neg5 h6 16. Ne6 Bxe6 17. Rxe6 Nc5 18. Ree1 Ne4 19. Qe3 Bc5 20. Qc1 Bxf2+
21. Kf1 Bxe1 22. Kxe1 Qa5+ 23. c3 Rae8 24. Kf1 Qb6 25. Be3 Ng3+ 26. Kf2 Nh1+
27. Kg1 Rxe3 28. Kxh1 Re2 29. b3 Qf2 30. Qg1 Rxf3 0-1

[Event "Frankfurt Ch A 2016"]
[Site "Ffm-Höchst, BiKuZ"]
[Date "2016.05.02"]
[Round "2.40"]
[White "Bratmann, Marc"]
[Black "Göbel, Andreas"]
[Result "0-1"]
[WhiteElo "1601"]
[BlackElo "1864"]
[PlyCount "74"]
[EventDate "2016.??.??"]
[WhiteTeam "TuS Dotzheim"]
[BlackTeam "SC Brett vorm Kopp"]

1. e4 c5 2. c3 e6 3. d4 Nf6 4. e5 Nd5 5. c4 Nb6 6. d5 d6 7. exd6 Bxd6 8. Nf3
exd5 9. cxd5 O-O 10. Be2 Re8 11. Be3 Bg4 12. O-O Nxd5 13. Bg5 Nf6 14. Nc3 Nc6
15. Rc1 Be7 16. Qa4 Be6 17. Rfd1 Qb6 18. b3 Red8 19. Ne4 Qb4 20. Qxb4 Nxb4 21.
Rxd8+ Rxd8 22. Nxc5 Nxa2 23. Rc2 Bxc5 24. Rxc5 Bxb3 25. Rc7 Bd5 26. Nd4 h6 27.
Bxf6 gxf6 28. Nf5 Be6 29. Nxh6+ Kg7 30. Ng4 Rd7 31. Rc5 b6 32. Rc2 Nb4 33. Rc3
Nd5 34. Rg3 Kf8 35. h4 Nf4 36. Bf3 Nh5 37. Rh3 Rd4 0-1

[Event "Frankfurt Ch A 2016"]
[Site "Ffm-Höchst, BiKuZ"]
[Date "2016.05.02"]
[Round "2.41"]
[White "Löhr, Holger"]
[Black "Rätsch, Kurt"]
[Result "1-0"]
[WhiteElo "1556"]
[BlackElo "1790"]
[PlyCount "119"]
[EventDate "2016.??.??"]
[WhiteTeam "SF Braunfels"]
[BlackTeam "SF Schöneck"]

1. c4 e6 2. Nc3 d6 3. Nf3 b6 4. g3 Bb7 5. Bg2 Nd7 6. O-O Be7 7. d4 Ngf6 8. Qc2
O-O 9. e4 Rc8 10. h3 c5 11. d5 e5 12. Re1 Nh5 13. Nd1 g6 14. Ne3 Rc7 15. b3 Bc8
16. Bb2 Nb8 17. Kh2 Ng7 18. Rad1 f5 19. exf5 Nxf5 20. Qe2 Nd4 21. Nxd4 cxd4 22.
Nc2 Bf6 23. Be4 Bg7 24. Rf1 Rcf7 25. Bc1 Nd7 26. Nb4 Nc5 27. Bg2 a5 28. Nd3
Nxd3 29. Rxd3 Bf5 30. Rdd1 e4 31. g4 d3 32. Qe3 Be5+ 33. Kg1 Bxg4 34. hxg4 Rf3
35. Bxf3 Rxf3 36. Qg5 Qd7 37. Qh4 Bf6 38. Bg5 Be5 39. Rfe1 Bd4 40. Bf6 Be3 41.
Bg5 Bd4 42. Rf1 Qe8 43. Rde1 Qe5 44. Be3 Bc3 45. Rd1 Qe8 46. Bxb6 Bf6 47. Qh1
a4 48. Be3 axb3 49. axb3 Qd7 50. Qg2 Be5 51. Rxd3 Rf8 52. Rdd1 Qb7 53. Rb1 Rf3
54. b4 Qc8 55. c5 dxc5 56. bxc5 Qd8 57. g5 Qc8 58. d6 Rh3 59. Rb8 Qxb8 60. Qxh3
1-0

[Event "Frankfurt Ch A 2016"]
[Site "Ffm-Höchst, BiKuZ"]
[Date "2016.05.02"]
[Round "2.42"]
[White "Koellner, Ulrich"]
[Black "Varma, Christopher"]
[Result "1/2-1/2"]
[WhiteElo "1785"]
[BlackElo "1655"]
[PlyCount "68"]
[EventDate "2016.??.??"]
[WhiteTeam "SV Hofheim"]
[BlackTeam "SC Bad Nauheim"]

1. d4 Nf6 2. c4 g6 3. Nc3 Bg7 4. e4 d6 5. f3 O-O 6. Bg5 a6 7. Qd2 Nc6 8. Nge2
Na5 9. Nc1 c5 10. d5 Rb8 11. a3 b5 12. cxb5 axb5 13. Bxb5 c4 14. O-O Rxb5 15.
Nxb5 Qb6+ 16. Nd4 Nxe4 17. fxe4 Bxd4+ 18. Kh1 Bxb2 19. Rb1 c3 20. Qxc3 Qa6 21.
Qf3 Bg4 22. Qd3 Qxd3 23. Nxd3 Bxa3 24. Ra1 Nc4 25. Nf2 Bd7 26. Bc1 Bc5 27. Nd3
Bd4 28. Rb1 Ne5 29. Nxe5 Bxe5 30. Rb7 Bc8 31. Rxe7 f5 32. Bh6 Rd8 33. Bg5 Rf8
34. exf5 Bxf5 1/2-1/2

[Event "Frankfurt Ch A 2016"]
[Site "Ffm-Höchst, BiKuZ"]
[Date "2016.05.02"]
[Round "2.43"]
[White "Gutacker, Stephan"]
[Black "Fischer, Lutz"]
[Result "1-0"]
[WhiteElo "1777"]
[BlackElo "1640"]
[PlyCount "71"]
[EventDate "2016.??.??"]
[WhiteTeam "Sfr. Kelkheim"]
[BlackTeam "SF Frankfurt"]

1. e4 e6 2. d4 d5 3. Bd3 dxe4 4. Bxe4 Nf6 5. Bf3 c5 6. c3 Nc6 7. Ne2 cxd4 8.
cxd4 e5 9. Bxc6+ bxc6 10. O-O exd4 11. Nxd4 Bd7 12. Re1+ Be7 13. Qe2 c5 14. Nf3
Rc8 15. Nc3 Rc6 16. Bg5 Re6 17. Qc2 O-O 18. Ne5 Re8 19. Nxd7 Qxd7 20. Red1 Nd5
21. Rxd5 Bxg5 22. g3 Qe7 23. Kg2 Bf6 24. Rad1 Bd4 25. Rf5 Qb7+ 26. f3 g6 27.
Rf4 Re3 28. Ne4 Qc6 29. Rxd4 f5 30. Qc4+ Kg7 31. Rd6 R8xe4 32. Rxc6 Rxc4 33.
Rxc4 Re2+ 34. Kf1 Rxb2 35. Ra6 Rxh2 36. Rxa7+ 1-0

[Event "Frankfurt Ch A 2016"]
[Site "Ffm-Höchst, BiKuZ"]
[Date "2016.05.02"]
[Round "2.44"]
[White "Hambel, Christoph"]
[Black "Neubauer, Robert"]
[Result "0-1"]
[WhiteElo "1543"]
[BlackElo "1773"]
[PlyCount "85"]
[EventDate "2016.??.??"]
[WhiteTeam "Bad Vilbeler Sfr"]
[BlackTeam "SK Bad Homburg"]

1. c4 Nf6 2. Nf3 c5 3. g3 b6 4. d3 Bb7 5. Bg2 e6 6. O-O d5 7. cxd5 Nxd5 8. Nc3
Be7 9. Bd2 O-O 10. a4 Nb4 11. Nb5 N8c6 12. Bc3 Nd5 13. Na3 Nxc3 14. bxc3 Bf6
15. Rc1 Na5 16. d4 Rc8 17. e3 Qe7 18. Nc2 Rfd8 19. Re1 e5 20. Qe2 exd4 21. cxd4
cxd4 22. Ncxd4 Rxc1 23. Rxc1 g6 24. Qb5 Rd5 25. Qb1 Rd7 26. Qb5 Kg7 27. Qb2 Be4
28. Nd2 Bxg2 29. Kxg2 Qd6 30. N2f3 Qd5 31. Qb4 Qe4 32. Qb5 Rd5 33. Qa6 Bxd4 34.
exd4 Rxd4 35. Qxa7 Rd3 36. Qxb6 Qxf3+ 37. Kg1 Rd2 38. Qc5 Nc4 39. Rf1 Qd5 40.
Qe7 Ne5 41. Qa3 Nf3+ 42. Kg2 Ne1+ 43. Kh3 0-1

[Event "Frankfurt Ch A 2016"]
[Site "Ffm-Höchst, BiKuZ"]
[Date "2016.05.02"]
[Round "2.45"]
[White "Schellen, Sven"]
[Black "Lanz, Jürgen"]
[Result "1-0"]
[WhiteElo "1763"]
[BlackElo "1554"]
[PlyCount "37"]
[EventDate "2016.??.??"]
[WhiteTeam "SF Frankfurt"]
[BlackTeam "SC Hattersheim"]

1. d4 Nf6 2. c4 g6 3. Nc3 d5 4. Nf3 Bg7 5. Bf4 Bg4 6. Qb3 dxc4 7. Qxb7 Nbd7 8.
Bxc7 Qc8 9. Qxc8+ Rxc8 10. Bg3 Nh5 11. e3 Nxg3 12. hxg3 a6 13. Ng5 Nf6 14. Rc1
Bd7 15. Nce4 Rb8 16. Bxc4 Nxe4 17. Nxe4 Rxb2 18. Nc5 Bb5 19. Nd3 1-0

[Event "Frankfurt Ch A 2016"]
[Site "Ffm-Höchst, BiKuZ"]
[Date "2016.05.02"]
[Round "2.47"]
[White "Richter, Wolfram"]
[Black "Künitz, Klaus"]
[Result "1-0"]
[WhiteElo "1510"]
[BlackElo "1739"]
[PlyCount "79"]
[EventDate "2016.??.??"]
[WhiteTeam "SK Bad Sooden-Allendorf"]
[BlackTeam "TSV Schott Mainz"]

1. g3 f5 2. d4 Nf6 3. Bg2 g6 4. Nf3 d6 5. c4 Bg7 6. Nc3 O-O 7. Bg5 h6 8. Bf4 g5
9. Be3 Ng4 10. Bd2 Qe8 11. Qb3 e5 12. dxe5 dxe5 13. h3 Nf6 14. O-O-O a5 15. Nb5
a4 16. Qc2 Na6 17. Be3 Ne4 18. Rhf1 Nb4 19. Qb1 Qc6 20. Nd2 Nxd2 21. Bxd2 Nxa2+
22. Qxa2 Qxg2 23. c5+ Kh7 24. Be3 Qc6 25. Nc3 Be6 26. Qa3 Bb3 27. Rde1 Rfd8 28.
Kb1 Bf8 29. f4 exf4 30. gxf4 Bg7 31. Qb4 Qe6 32. Bc1 gxf4 33. Rxf4 b6 34. Rh4
Ra5 35. Qf4 Rxc5 36. e4 a3 37. Rg1 Bf8 38. Qg3 axb2 39. Bxh6 Bxh6 40. Qg7# 1-0

[Event "Frankfurt Ch A 2016"]
[Site "Ffm-Höchst, BiKuZ"]
[Date "2016.05.02"]
[Round "2.48"]
[White "Rotermund, Verena"]
[Black "Lehmann, Gerit"]
[Result "1-0"]
[WhiteElo "1731"]
[BlackElo "1516"]
[PlyCount "65"]
[EventDate "2016.??.??"]
[WhiteTeam "Vorw.Orient Mainz"]
[BlackTeam "SF Frankfurt"]

1. e4 d5 2. exd5 Nf6 3. Nf3 c6 4. dxc6 Nxc6 5. Bc4 Bg4 6. O-O e6 7. Re1 Bc5 8.
c3 O-O 9. d4 Bb6 10. Bg5 h6 11. Bh4 Re8 12. Nbd2 Bf5 13. a4 g5 14. Bg3 Nh5 15.
Ne5 Nxg3 16. hxg3 Nxe5 17. Rxe5 Bc7 18. Re3 Qd6 19. Qb3 Rab8 20. Rae1 Re7 21.
Nf3 Qb6 22. Qd1 Rbe8 23. d5 a6 24. Nd4 Qd6 25. dxe6 Bxe6 26. Bxe6 fxe6 27. Qg4
Bb6 28. Re5 Bxd4 29. cxd4 Kf7 30. Qe4 Kf6 31. f4 Rd8 32. fxg5+ hxg5 33. Rf1+
1-0

[Event "Frankfurt Ch A 2016"]
[Site "Ffm-Höchst, BiKuZ"]
[Date "2016.05.02"]
[Round "2.49"]
[White "Kiel, Gerhard"]
[Black "Kautz, Thomas"]
[Result "0-1"]
[WhiteElo "1466"]
[BlackElo "1714"]
[PlyCount "78"]
[EventDate "2016.??.??"]
[WhiteTeam "vereinslos"]
[BlackTeam "SK Niederbrechen"]

1. c4 g6 2. g3 Bg7 3. Bg2 Nf6 4. Nf3 O-O 5. Nc3 d6 6. b3 e5 7. d3 Nc6 8. Bg5 h6
9. Bxf6 Qxf6 10. Nd5 Qd8 11. Rc1 Be6 12. O-O Qd7 13. Ne1 Nd4 14. Nc2 Nxc2 15.
Rxc2 c6 16. Nc3 f5 17. e3 Rae8 18. Ne2 g5 19. f4 exf4 20. gxf4 Bf7 21. Qd2 Qe6
22. e4 Bg6 23. Ng3 gxf4 24. Rxf4 fxe4 25. Rxf8+ Rxf8 26. dxe4 d5 27. cxd5 cxd5
28. Nf5 dxe4 29. Nxg7 Qb6+ 30. Kh1 Kxg7 31. Qc3+ Qf6 32. Qxf6+ Rxf6 33. Rc7+
Rf7 34. Rc3 Kf6 35. Rc5 e3 36. Bf3 Bd3 37. Kg2 Rg7+ 38. Kh1 e2 39. Bxe2 Be4+
0-1

[Event "Frankfurt Ch A 2016"]
[Site "Ffm-Höchst, BiKuZ"]
[Date "2016.05.02"]
[Round "2.52"]
[White "Hinz, André"]
[Black "Ketting, Douwe"]
[Result "1-0"]
[WhiteElo "1698"]
[BlackElo "1451"]
[PlyCount "147"]
[EventDate "2016.??.??"]
[WhiteTeam "SC Brett vorm Kopp"]
[BlackTeam "SC Somborn"]

1. c4 Nf6 2. g3 d5 3. cxd5 Qxd5 4. Nf3 e5 5. Nc3 Qa5 6. Bg2 c6 7. O-O Be6 8. d3
Nbd7 9. Be3 h6 10. a3 Qc7 11. b4 a6 12. Qc2 Rc8 13. Rfc1 Bd6 14. Nd2 O-O 15.
Qb2 Ng4 16. Nd1 Nxe3 17. Nxe3 Qd8 18. Rc2 Qe7 19. Rac1 Nb6 20. Nec4 Nxc4 21.
Nxc4 f6 22. Na5 Rc7 23. Nb3 Rfc8 24. Nc5 Bd5 25. Nxb7 Bxg2 26. Nxd6 Qxd6 27.
Kxg2 Qd5+ 28. f3 Kf7 29. Rc5 Qd7 30. Qb3+ Ke7 31. Qc4 Kf8 32. Ra5 Ra8 33. Rxa6
Rxa6 34. Qxa6 Ra7 35. Qxc6 Qxc6 36. Rxc6 Rxa3 37. f4 exf4 38. gxf4 Rb3 39. Rc4
f5 40. Rc5 Rxb4 41. Rxf5+ Ke7 42. h4 g6 43. Re5+ Kf6 44. Kf3 Rb1 45. Rc5 Rh1
46. h5 gxh5 47. Rc6+ Kg7 48. d4 Rf1+ 49. Ke4 h4 50. e3 Rf2 51. Rc1 h3 52. Rh1
h2 53. Kf5 Kf7 54. d5 Ke7 55. Ke5 Kd7 56. e4 Re2 57. Kf5 Kd6 58. Rd1 Rd2 59.
e5+ Ke7 60. d6+ Kd8 61. Rh1 Kd7 62. Kf6 Rf2 63. f5 Re2 64. Rd1 Rd2 65. Rh1 h5
66. Kf7 Rf2 67. f6 Re2 68. Rxh2 Rxe5 69. Rd2 Rf5 70. Kg6 Rf1 71. f7 h4 72. Kg7
h3 73. f8=Q Rxf8 74. Kxf8 1-0

[Event "Frankfurt Ch A 2016"]
[Site "Ffm-Höchst, BiKuZ"]
[Date "2016.05.02"]
[Round "2.54"]
[White "Krischak, Werner"]
[Black "Bernhardt, Winfried"]
[Result "1-0"]
[WhiteElo "1694"]
[BlackElo "1411"]
[PlyCount "37"]
[EventDate "2016.??.??"]
[WhiteTeam "SK Marburg"]
[BlackTeam "SV Nauheim"]

1. d4 d5 2. c4 dxc4 3. e3 Nf6 4. Bxc4 c6 5. Nc3 Bf5 6. Qb3 Qd7 7. Bxf7+ Kd8 8.
Nf3 e6 9. Ng5 Nd5 10. Bxe6 Bxe6 11. Nxe6+ Qxe6 12. O-O Qd7 13. e4 Nb6 14. d5
Kc8 15. Bf4 Na6 16. Rfd1 Nc5 17. dxc6 Qxc6 18. Qf7 Nbd7 19. Qe8# 1-0

[Event "Frankfurt Ch A 2016"]
[Site "Ffm-Höchst, BiKuZ"]
[Date "2016.05.02"]
[Round "2.55"]
[White "Odabasi, Siddik"]
[Black "Plattner, Rolf"]
[Result "1/2-1/2"]
[WhiteElo "1393"]
[BlackElo "1692"]
[PlyCount "104"]
[EventDate "2016.??.??"]
[WhiteTeam "Frankfurter TV"]
[BlackTeam "SK Langen"]

1. e4 c5 2. Nf3 d6 3. d4 cxd4 4. Nxd4 Nf6 5. Nc3 a6 6. Bd3 e6 7. O-O Be7 8. Be3
Qc7 9. f3 Nbd7 10. Qd2 b5 11. b4 Bb7 12. Nce2 Ne5 13. Nb3 Rc8 14. Rac1 O-O 15.
Ng3 Ba8 16. Nd4 Nc4 17. Bxc4 Qxc4 18. c3 Qc7 19. Rc2 d5 20. exd5 Nxd5 21. Rfc1
Nxe3 22. Qxe3 h6 23. Qe2 Bd5 24. Ne4 Bc4 25. Qe1 Qb6 26. Qf2 Qc7 27. Qg3 Qb7
28. Nd6 Bxd6 29. Qxd6 Rfd8 30. Qg3 Qd5 31. Qf2 Rc7 32. Rd2 Qg5 33. h4 Qf6 34.
Nb3 Rcd7 35. Rxd7 Rxd7 36. Nc5 Rd6 37. Ne4 Qf4 38. Nxd6 Qxc1+ 39. Kh2 Qf4+ 40.
Qg3 Qxg3+ 41. Kxg3 Bxa2 42. Kf4 Bd5 43. Nc8 f6 44. Nd6 Kf8 45. Ne4 Bxe4 46.
fxe4 h5 47. e5 Ke7 48. Ke4 Kd7 49. Kf4 Kc6 50. exf6 gxf6 51. g4 Kd6 52. g5 f5
1/2-1/2

[Event "Frankfurt Ch A 2016"]
[Site "Ffm-Höchst, BiKuZ"]
[Date "2016.05.02"]
[Round "2.56"]
[White "Stricker, Konstantin"]
[Black "Friedel, Thomas"]
[Result "1-0"]
[WhiteElo "1690"]
[BlackElo "1388"]
[PlyCount "52"]
[EventDate "2016.??.??"]
[WhiteTeam "SC Eschbach"]
[BlackTeam "SV Groß-Gerau"]

1. e4 e5 2. Nf3 Nc6 3. Bb5 Bc5 4. O-O Nd4 5. Nxe5 Nxb5 6. Nxf7 Kxf7 7. Qh5+ g6
8. Qxc5 c6 9. b3 Qe7 10. Qc4+ Qe6 11. Qxe6+ dxe6 12. Bb2 Nf6 13. a4 Nc7 14. d3
Re8 15. Nd2 b5 16. axb5 Nxb5 17. f4 Bd7 18. h3 Nh5 19. g4 Ng7 20. Nf3 Kg8 21.
Ne5 Bc8 22. Nxc6 a6 23. Be5 Bb7 24. Na5 Bxe4 25. dxe4 Red8 26. Nc6 Ne8 1-0

[Event "Frankfurt Ch A 2016"]
[Site "Ffm-Höchst, BiKuZ"]
[Date "2016.05.02"]
[Round "2.57"]
[White "Weiland, Thomas"]
[Black "Klikic, Drazen"]
[Result "1-0"]
[WhiteElo "1673"]
[BlackElo "1363"]
[PlyCount "95"]
[EventDate "2016.??.??"]
[WhiteTeam "SV Oberursel"]
[BlackTeam "SC Nied"]

1. c4 e5 2. Nc3 Nf6 3. d3 Be7 4. Nf3 d6 5. g3 O-O 6. Bg2 Be6 7. O-O Nbd7 8. a3
d5 9. cxd5 Nxd5 10. Bd2 c6 11. Rc1 N7f6 12. Nxe5 Bd6 13. Nf3 Re8 14. Re1 Qd7
15. Nxd5 cxd5 16. Bc3 Be7 17. Ne5 Qb5 18. Nf3 Rad8 19. Nd4 Qb6 20. Nxe6 fxe6
21. e3 Rf8 22. Bh3 Nd7 23. b4 Bf6 24. Bxf6 Rxf6 25. Re2 Ne5 26. f4 Rh6 27. Kg2
Nc6 28. d4 Ne7 29. Rec2 Nc6 30. Rc5 Rd7 31. b5 Ne7 32. a4 Nf5 33. Rc8+ Rd8 34.
Qb3 Nd6 35. Rxd8+ Qxd8 36. Qb4 Nc4 37. Rc3 Qf6 38. Bg4 Qg6 39. Bf3 b6 40. Qe7
Qf5 41. Qe8+ Qf8 42. Qxf8+ Kxf8 43. e4 dxe4 44. Bxe4 Nd6 45. Bc2 Nf5 46. d5 Ke7
47. dxe6 Rxe6 48. Bxf5 1-0

[Event "Frankfurt Ch A 2016"]
[Site "Ffm-Höchst, BiKuZ"]
[Date "2016.05.02"]
[Round "2.1"]
[White "Goodwin, David"]
[Black "Wich, Manuela"]
[Result "1/2-1/2"]
[WhiteElo "1323"]
[BlackElo "1493"]
[PlyCount "77"]
[EventDate "2016.??.??"]
[WhiteTeam "SV Kelsterbach"]
[BlackTeam "Niederräder TG"]

1. Nf3 Nf6 2. g3 g6 3. Bg2 Bg7 4. O-O O-O 5. d3 d5 6. Nbd2 c5 7. e4 Nc6 8. c3
dxe4 9. dxe4 Ng4 10. Qe2 Nge5 11. Rd1 Qc7 12. Nxe5 Nxe5 13. Nf3 Be6 14. Nxe5
Bxe5 15. Be3 Rad8 16. f4 Bg7 17. e5 b6 18. Be4 Rxd1+ 19. Qxd1 Rd8 20. Qe2 Qc8
21. b3 Bg4 22. Bf3 Bxf3 23. Qxf3 e6 24. Rd1 Bf8 25. c4 Rd7 26. Rxd7 Qxd7 27.
Qe2 a6 28. Qd2 Qc6 29. Qg2 Qc8 30. a4 Be7 31. Qd2 Kf8 32. Kf2 Ke8 33. h4 Qc6
34. Qd1 b5 35. Qf3 Kd7 36. Bd2 Qxf3+ 37. Kxf3 Kc6 38. Ke4 h5 39. Kf3 1/2-1/2

[Event "Frankfurt Ch A 2016"]
[Site "Ffm-Höchst, BiKuZ"]
[Date "2016.05.02"]
[Round "2.2"]
[White "Hagel, Stephan"]
[Black "Brunner, Andreas"]
[Result "1-0"]
[WhiteElo "1388"]
[BlackElo "1300"]
[PlyCount "75"]
[EventDate "2016.??.??"]
[WhiteTeam "SK Hungen"]
[BlackTeam "FV Berkersheim"]

1. e4 e6 2. d3 Nc6 3. Nf3 d6 4. Be3 Nf6 5. g3 b6 6. Bg2 Bb7 7. O-O Rb8 8. Nc3
a6 9. Qd2 Be7 10. d4 e5 11. d5 Na7 12. Bg5 Bc8 13. Bxf6 Bxf6 14. Rac1 Bg4 15.
Ne1 Qd7 16. Nd3 h5 17. f3 Bh3 18. f4 Bxg2 19. Qxg2 h4 20. f5 h3 21. Qf2 Ke7 22.
Ne2 Rh7 23. c4 Rbh8 24. b4 Nc8 25. c5 Qe8 26. cxd6+ Kxd6 27. Rc6+ Kd7 28. Rfc1
Bd8 29. f6 g6 30. Qf3 Nd6 31. Qg4+ Qe6 32. dxe6+ fxe6 33. Nxe5+ Kc8 34. Qxe6+
Kb7 35. Nxg6 Re8 36. Qd5 Kb8 37. Rxd6 Bxf6 38. Rxf6 1-0

[Event "Frankfurt Ch A 2016"]
[Site "Ffm-Höchst, BiKuZ"]
[Date "2016.05.02"]
[Round "2.3"]
[White "Mayer, Rolf"]
[Black "Wöhl, Torsten"]
[Result "1/2-1/2"]
[WhiteElo "1259"]
[BlackElo "1363"]
[PlyCount "36"]
[EventDate "2016.??.??"]
[WhiteTeam "SC Flörsheim"]
[BlackTeam "SC Groß-Zimmern"]

1. g3 e6 2. Nf3 Nf6 3. Bg2 d5 4. d4 c5 5. c3 cxd4 6. cxd4 Nc6 7. O-O Bd6 8. Nc3
Bd7 9. a3 a6 10. b4 Ne7 11. Bg5 Ng6 12. e4 Be7 13. exd5 h6 14. Bxf6 Bxf6 15.
dxe6 Bxe6 16. Re1 O-O 17. Ne5 Bxe5 18. dxe5 Qc7 1/2-1/2

[Event "Frankfurt Ch A 2016"]
[Site "Ffm-Höchst, BiKuZ"]
[Date "2016.05.02"]
[Round "2.4"]
[White "Winter, Thomas"]
[Black "Grünzig, Matthias"]
[Result "1-0"]
[WhiteElo "1359"]
[BlackElo "1256"]
[PlyCount "131"]
[EventDate "2016.??.??"]
[WhiteTeam "SV Oberursel"]
[BlackTeam "FV Berkersheim"]

1. e4 d5 2. exd5 Qxd5 3. Nf3 Bg4 4. Be2 Nf6 5. d4 e6 6. Nc3 Qa5 7. a3 c6 8. O-O
Be7 9. b4 Qc7 10. Bb2 a6 11. Ne5 Bxe2 12. Qxe2 Nbd7 13. Nf3 O-O 14. Rfe1 Nb6
15. Rad1 Nbd5 16. Ne4 Nxe4 17. Qxe4 Qf4 18. Qd3 b5 19. Re4 Qc7 20. g3 Nf6 21.
Re2 Rad8 22. Qb3 Ne8 23. Bc1 Bf6 24. c3 Nd6 25. Bf4 Qe7 26. Bxd6 Qxd6 27. Nd2
Qd5 28. Qxd5 cxd5 29. Nb3 Be7 30. Na5 Ra8 31. Nc6 Rfe8 32. Ne5 Rac8 33. Rc2 Bd6
34. Ng4 Rc7 35. Kf1 Rec8 36. Rdc1 Rc6 37. Ke2 Bc7 38. Kd3 Bd8 39. f4 h5 40. Ne5
R6c7 41. Rf1 Bf6 42. Nf3 g6 43. Ra1 Kg7 44. a4 Bd8 45. axb5 axb5 46. Nd2 Kf6
47. Nb3 Be7 48. Ra5 Rb8 49. Nc5 Bxc5 50. bxc5 Ke7 51. Rca2 Kd7 52. Ra6 Rbb7 53.
Rd6+ Ke7 54. Raa6 Ra7 55. Kc2 Rxa6 56. Rxa6 Kd7 57. Kb3 Rc8 58. Kb4 Kd8 59. Ka5
Rb8 60. Rb6 Ra8+ 61. Kxb5 Ra2 62. c6 Rb2+ 63. Kc5 Rc2 64. Kd6 Kc8 65. c7 Rxc3
66. Rb8# 1-0

[Event "Frankfurt Ch A 2016"]
[Site "Ffm-Höchst, BiKuZ"]
[Date "2016.05.02"]
[Round "2.5"]
[White "Brand, Achim"]
[Black "Landvoigt, Martin"]
[Result "1-0"]
[WhiteElo "1335"]
[BlackElo "1155"]
[PlyCount "103"]
[EventDate "2016.??.??"]
[WhiteTeam "SVG Echzell"]
[BlackTeam "SF Friedberg"]

1. e4 c5 2. Nc3 Nc6 3. Nf3 a6 4. g3 d6 5. Bg2 e5 6. d3 Nf6 7. Bg5 Be7 8. Bxf6
Bxf6 9. Nd5 Be6 10. c4 Bg4 11. h3 Be6 12. O-O Rb8 13. Rb1 Bxd5 14. cxd5 Nd4 15.
Nxd4 cxd4 16. Qa4+ Qd7 17. Qxd7+ Kxd7 18. h4 g6 19. f4 Bg7 20. fxe5 Rhf8 21.
Bh3+ Ke7 22. exd6+ Kxd6 23. Rbc1 Be5 24. Kg2 f6 25. Be6 h6 26. g4 h5 27. gxh5
gxh5 28. Rf5 Rh8 29. Rg1 Rh7 30. Kh3 Rh6 31. Rf2 Re8 32. Rfg2 Re7 33. Rg8 Kc5
34. Rc1+ Kb6 35. Rc4 Rc7 36. b3 Ka7 37. Rxc7 Bxc7 38. Rg7 Kb6 39. Kg2 Rh8 40.
Kf3 a5 41. a4 Be5 42. Ke2 Bg3 43. Rxg3 Kc5 44. Rg7 b6 45. Bd7 Kb4 46. Bb5 Kxb3
47. d6 Kb4 48. d7 Kc5 49. Re7 Rd8 50. Re8 Rxd7 51. Bxd7 Kd6 52. Bb5 1-0

[Event "Frankfurt Ch A 2016"]
[Site "Ffm-Höchst, BiKuZ"]
[Date "2016.05.02"]
[Round "2.6"]
[White "Pessotschinski, Eduard"]
[Black "Mook, Karl-Jürgen"]
[Result "1-0"]
[WhiteElo "1040"]
[BlackElo "1329"]
[PlyCount "71"]
[EventDate "2016.??.??"]
[WhiteTeam "TuS Makkabi"]
[BlackTeam "SC Sulzbach"]

1. e4 e5 2. Nf3 Nc6 3. Bc4 Nf6 4. Ng5 d5 5. exd5 Na5 6. d3 Nxc4 7. dxc4 h6 8.
Nf3 Bd6 9. O-O O-O 10. Nc3 a6 11. Re1 Re8 12. Be3 Bf5 13. a3 Ng4 14. h3 Nxe3
15. Rxe3 e4 16. Nd2 Bf4 17. Re2 e3 18. Nf1 exf2+ 19. Rxf2 Qg5 20. Qf3 Be3 21.
Nxe3 Bxh3 22. Qxh3 Rxe3 23. Qf5 Qe7 24. Raf1 f6 25. Qg4 Kh8 26. Ne2 Re8 27. Nf4
Qf7 28. Ne6 Re5 29. Rf5 R5xe6 30. dxe6 Qxe6 31. R1f3 Qe1+ 32. Kh2 Re4 33. R5f4
Re2 34. Rg3 Re7 35. Rxf6 Qe5 36. Rf8+ 1-0

[Event "Frankfurt Ch A 2016"]
[Site "Ffm-Höchst, BiKuZ"]
[Date "2016.05.02"]
[Round "2.9"]
[White "Albrecht, Edwin"]
[Black "Ratfai, Miksa"]
[Result "0-1"]
[WhiteElo "838"]
[BlackElo "947"]
[PlyCount "56"]
[EventDate "2016.??.??"]
[WhiteTeam "SC Bad Soden"]
[BlackTeam "SC Bad Soden"]

1. e4 e5 2. Nf3 Nc6 3. Bc4 Bc5 4. c3 Nf6 5. d4 exd4 6. cxd4 Bb4+ 7. Bd2 Bxd2+
8. Nbxd2 O-O 9. d5 Ne7 10. O-O c6 11. dxc6 Nxc6 12. e5 Nh5 13. Qe2 Re8 14. Rfe1
Nf4 15. Qe4 Ne6 16. Bxe6 Rxe6 17. Ng5 Qxg5 18. Nf3 Qe7 19. Re2 b6 20. Re3 Bb7
21. Qf4 Nxe5 22. Nxe5 d6 23. Rae1 dxe5 24. Rxe5 Rd8 25. Qc4 Rxe5 26. Rxe5 Rd1+
27. Qf1 Rxf1+ 28. Kxf1 Qxe5 0-1

[Event "Frankfurt Ch A 2016"]
[Site "Ffm-Höchst, BiKuZ"]
[Date "2016.05.02"]
[Round "2.11"]
[White "Neagu, Liviu"]
[Black "Dröser, Wolfgang"]
[Result "1/2-1/2"]
[WhiteElo "1357"]
[BlackElo "1190"]
[PlyCount "72"]
[EventDate "2016.??.??"]
[WhiteTeam "SF Friedberg"]
[BlackTeam "SF Frankfurt"]

1. d4 g6 2. c4 Bg7 3. Nf3 d6 4. e4 Nd7 5. Nc3 c6 6. Be2 Qc7 7. Be3 e5 8. d5 a6
9. Rc1 c5 10. Qd2 h6 11. h4 Ndf6 12. Nh2 h5 13. f4 Ng4 14. Nf3 Nxe3 15. Qxe3
exf4 16. Qxf4 Bh6 17. Ng5 f6 18. O-O fxg5 19. hxg5 Bg7 20. Na4 Bd4+ 21. Kh1 Ne7
22. Qf7+ Kd8 23. Rf4 Bg4 24. Rcf1 Re8 25. Bxg4 hxg4 26. Qxe8+ Kxe8 27. Rf8+ Kd7
28. Rxa8 Nc8 29. Rf7+ Ne7 30. Rff8 Qa5 31. Nc3 Bxc3 32. Rab8 Kc7 33. bxc3 Qxc3
34. Rbe8 Qe1+ 35. Kh2 g3+ 36. Kh3 Qxe4 1/2-1/2

[Event "Frankfurt Ch A 2016"]
[Site "Ffm-Höchst, BiKuZ"]
[Date "2016.05.02"]
[Round "2.12"]
[White "Manasek, Martin"]
[Black "Fredershausen, Kurt"]
[Result "1-0"]
[WhiteElo "1311"]
[BlackElo "1023"]
[PlyCount "167"]
[EventDate "2016.??.??"]
[WhiteTeam "Bad Vilbeler Sfr"]
[BlackTeam "SC Bad Soden"]

1. d4 Nf6 2. c4 g6 3. Nc3 Bg7 4. Nf3 d6 5. e4 O-O 6. Be2 Nc6 7. O-O e5 8. d5
Ne7 9. Bg5 Bd7 10. Rc1 c6 11. Bd3 a6 12. a4 c5 13. b3 Rb8 14. Rb1 b6 15. b4 Re8
16. bxc5 bxc5 17. Rxb8 Qxb8 18. Qc2 Qc7 19. Rb1 Rb8 20. h3 Nc8 21. Bd2 Rxb1+
22. Qxb1 Nb6 23. Qa2 Nc8 24. a5 Ne7 25. Na4 Bxa4 26. Qxa4 Qd7 27. Qb3 Qc7 28.
Qb6 Qxb6 29. axb6 Nd7 30. Ba5 Bf6 31. b7 Kf8 32. Bc7 Ke8 33. Bxd6 Kd8 34. Bc2
Nc8 35. bxc8=Q+ Kxc8 36. Ba4 Nb6 37. Bb3 a5 38. Bxc5 Kc7 39. Nd2 Bg5 40. Nb1
Bc1 41. Nc3 Nd7 42. Be7 Nb6 43. c5 Nc8 44. d6+ Kd7 45. Ba4+ Ke6 46. Nd5 Nxe7
47. Nxe7 Bg5 48. Nc6 f5 49. f3 fxe4 50. fxe4 Be3+ 51. Kf1 Bxc5 52. Nxa5 Bxd6
53. Ke2 Bc7 54. Nc4 Kf6 55. Kf3 Kg5 56. g3 Kf6 57. Ne3 h5 58. Nd5+ Kg5 59. Nxc7
Kf6 60. Nd5+ Kg5 61. h4+ Kh6 62. Ne3 g5 63. hxg5+ Kxg5 64. Ng2 Kg6 65. Be8+ Kg5
66. Nh4 Kf6 67. Bxh5 Kg5 68. Be8 Kf6 69. Kg4 Kg7 70. Kf5 Kf8 71. Ba4 Kg7 72.
Kxe5 Kh6 73. Nf5+ Kg5 74. Bc2 Kg4 75. Kf6 Kf3 76. e5 Kg4 77. e6 Kh5 78. e7 Kg4
79. e8=Q Kh3 80. Kg5 Kh2 81. Kg4 Kg2 82. Qe2+ Kg1 83. Kf3 Kh1 84. Qg2# 1-0

[Event "Frankfurt Ch A 2016"]
[Site "Ffm-Höchst, BiKuZ"]
[Date "2016.05.02"]
[Round "2.13"]
[White "Nebel, Marcel"]
[Black "Häfner, Günther"]
[Result "1-0"]
[WhiteElo "1210"]
[BlackElo "845"]
[PlyCount "70"]
[EventDate "2016.??.??"]
[WhiteTeam "SF Friedberg"]
[BlackTeam "FV Berkersheim"]

1. d4 d5 2. c4 e6 3. Nf3 Nf6 4. Bg5 Be7 5. e3 O-O 6. Nc3 a6 7. c5 c6 8. Bd3
Nbd7 9. O-O b6 10. b4 bxc5 11. bxc5 Qc7 12. Bf4 Qd8 13. Rb1 Nh5 14. Ne5 Nxf4
15. Nxc6 Qe8 16. Nxe7+ Qxe7 17. exf4 f5 18. Re1 Qf7 19. Qf3 Nf6 20. h3 Bd7 21.
Bc2 Rfe8 22. Rb7 Qg6 23. Na4 Rab8 24. Reb1 Rxb7 25. Rxb7 Rc8 26. Nb6 Rd8 27.
Ba4 Qe8 28. Bxd7 Nxd7 29. Qb3 Nf6 30. a4 Qc6 31. Ra7 Nd7 32. Rxa6 Nxb6 33. Rxb6
Qc8 34. a5 Kf7 35. a6 Qc7 1-0